| 000 | 01297aam a2200313 4500 | ||
|---|---|---|---|
| 001 | 19993 | ||
| 003 | CO-MdFUSB | ||
| 005 | 20180622165838.0 | ||
| 008 | 170310t19721971enk||||f |||| 00| 0 eng d | ||
| 020 | _a334-00006-8 | ||
| 040 |
_aCO-MdFUSB _bspa _cCO-MdFUSB _dCO-MdFUSBC _erda |
||
| 041 | _aeng | ||
| 082 |
_224 _aG 261.2 _bT843a |
||
| 100 | 1 |
_aTroeltsch, Ernst _eautor |
|
| 245 | 0 | 4 |
_aThe Absoluteness of Christianity and the history of religions _c/ Ernst Troeltsch ; Traducido por David Reid |
| 264 | 1 |
_aLondon : _bSCM Press, _c℗1972 |
|
| 264 | 4 | _c©1971 | |
| 300 |
_a173 páginas _b: _c; |
||
| 336 |
_2rdacontent _a1 _ba1 |
||
| 337 |
_2rdamedia _a2 _b5 |
||
| 338 |
_2rdacarrier _a2 _b5 |
||
| 490 | 4 | _aThe Library of Philosophy and Theology | |
| 500 | _aTítulo original en alemán: Die absolutheit des Christentums und die Religionsgeschichte | ||
| 505 | 0 | 0 | _aAntecedentes del problema del carácter absoluto del cristianismo - Reexaminación de la apologética evolutiva - La relatividad histórica y las normas de valor - El cristianismo: El punto focal y la culminación de todos los acontecimientos religiosos - Utilidad de este enfoque - Hay dos tipos de carácter absoluto |
| 563 | _aPasta dura | ||
| 650 | 7 |
_9385 _aReligión |
|
| 942 | _cBK | ||
| 999 |
_c46347 _d46347 |
||